000 00766nam a2200217Ii 4500
003 JO-AjNU
008 230605s9999||||xx |||||||||||||| ||und||
017 _a2008/6/2056
040 _aJO-AjNU
_bara
_erda
_cJO-AjNU
041 _aara
050 1 4 _aHF5686.A28 2010
100 3 _aتأليف: ابو نصار،محمد حسين,
_eauthor
_930022
245 0 0 _aمحاسبة التكاليف
250 _aط2
264 3 1 _aعمان: دار وائل للنشر والتوزيع، 2010
300 _a397ص
_bيحتوي على ببلوغرافية من ص 395-397ص
336 _atext
_btxt
_2rdacontent
337 _aunmediated
_bn
_2rdamedia
338 _avolume
_bnc
_2rdacarrier
650 4 _aالمحاسبة المالية - محاسبة التكاليف
_930023
999 _aA11851
_c15419
_d15419